[Event "Europa ch s-18"]
[Site "Herceg Novi MNT"]
[Date "2008.09.15"]
[Round "1.1"]
[White "Salgado Lopez, Ivan"]
[Black "Khojayan, Vardan"]
[Result "1-0"]
[WhiteElo "2532"]
[BlackElo "2286"]
[PlyCount "63"]
[EventDate "2008.09.15"]
[EventType "swiss"]
[EventRounds "9"]
[Source "lmi"]
[SourceDate "2008.09.15"]

1. e4 c5 2. Nf3 d6 3. d4 cxd4 4. Nxd4 Nf6 5. Nc3 a6 6. Be3 e5 7. Nb3 Be6 8. Qd2
Be7 9. O-O-O O-O 10. f4 b5 11. Kb1 Nbd7 12. f5 Bc4 13. g4 Bxf1 14. Rdxf1 Nb6
15. Bxb6 Qxb6 16. g5 b4 17. Ne2 Nxe4 18. Qd5 Qe3 19. f6 gxf6 20. gxf6 Nxf6 21.
Qg2+ Kh8 22. Ng3 Rg8 23. Rf3 Qg5 24. Rhf1 Rac8 25. Qe2 Rg6 26. Nf5 Bf8 27. Qxa6
Rd8 28. Qb7 Rd7 29. Qc8 Rg8 30. Rg3 Bh6 31. Rxg5 Rxc8 32. Nxh6 1-0

[Event "Europa ch s-18"]
[Site "Herceg Novi MNT"]
[Date "2008.09.15"]
[Round "1.2"]
[White "Gutenev, Alexander"]
[Black "Saric, Ivan"]
[Result "1/2-1/2"]
[WhiteElo "2280"]
[BlackElo "2511"]
[PlyCount "108"]
[EventDate "2008.09.15"]
[EventType "swiss"]
[EventRounds "9"]
[Source "lmi"]
[SourceDate "2008.09.15"]

1. e4 e5 2. Nf3 Nc6 3. Bb5 a6 4. Ba4 Nf6 5. O-O Bc5 6. c3 b5 7. Bb3 d6 8. a4
Bg4 9. Qe2 Na5 10. Bc2 b4 11. h3 Bxf3 12. Qxf3 O-O 13. d3 Rb8 14. Nd2 Qd7 15.
Re1 bxc3 16. bxc3 Qc6 17. Nf1 Nb3 18. Bxb3 Rxb3 19. Bd2 Rb2 20. Re2 Rfb8 21.
Ne3 Rb1+ 22. Re1 Rxa1 23. Rxa1 Bxe3 24. Qxe3 Nd7 25. f4 exf4 26. Qxf4 Nc5 27.
Qg3 Qb6 28. Be3 Qb2 29. Rc1 Kh8 30. Rf1 Qxc3 31. Rxf7 Nxd3 32. Ba7 Rg8 33. Kh2
Qc4 34. Re7 Ne5 35. Qg5 Ng6 36. Rd7 Qxa4 37. Rd8 Qxe4 38. Rxg8+ Kxg8 39. Qd8+
Nf8 40. Qxc7 Qe5+ 41. Kg1 a5 42. Bb6 a4 43. Qc4+ Ne6 44. Qxa4 Nf4 45. Qa8+ Kf7
46. Qa7+ Ke6 47. Qa8 Kf7 48. Qf3 Qf6 49. Qb7+ Kg8 50. Qa8+ Qf8 51. Qa2+ Kh8 52.
Bc7 Ng6 53. Qe6 d5 54. Qxd5 h6 1/2-1/2

[Event "Europa ch s-18"]
[Site "Herceg Novi MNT"]
[Date "2008.09.15"]
[Round "1.3"]
[White "Levin, Evgeny A"]
[Black "Nemes, Silviu-Virgil"]
[Result "1/2-1/2"]
[WhiteElo "2488"]
[BlackElo "2273"]
[PlyCount "152"]
[EventDate "2008.09.15"]
[EventType "swiss"]
[EventRounds "9"]
[Source "lmi"]
[SourceDate "2008.09.15"]

1. d4 d5 2. c4 c6 3. Nc3 Nf6 4. e3 g6 5. Nf3 Bg7 6. Bd3 O-O 7. O-O Bg4 8. h3
Bxf3 9. Qxf3 Qd6 10. Rd1 Nbd7 11. Be2 e5 12. Qg3 Qe6 13. cxd5 cxd5 14. Bb5 Rfd8
15. Qh4 a6 16. Ba4 e4 17. Bd2 b5 18. Bb3 Nb6 19. a4 Nc4 20. axb5 axb5 21. Rxa8
Rxa8 22. Bxc4 bxc4 23. Ne2 h6 24. Qg3 Qb6 25. Bc3 Bf8 26. f3 exf3 27. gxf3 Qd6
28. Kf2 Qe6 29. Qe5 Bd6 30. Qxe6 fxe6 31. Ng3 Kf7 32. Nf1 g5 33. Nd2 Nh5 34.
Rh1 Kg6 35. Rg1 Kf5 36. Rh1 Bg3+ 37. Kg2 Ra2 38. Nf1 Bd6 39. Nd2 Ng3 40. Re1
Nh5 41. Rd1 Kf6 42. Nf1 Ng7 43. Kf2 Ne8 44. Ng3 Nc7 45. Ne2 Nb5 46. e4 Bc7 47.
Ke3 Kg6 48. Rg1 Kh5 49. h4 Nxc3 50. bxc3 Rc2 51. hxg5 hxg5 52. exd5 exd5 53.
Ra1 Bd6 54. Ra5 Bf4+ 55. Nxf4+ gxf4+ 56. Kxf4 Rxc3 57. Rxd5+ Kg6 58. Rc5 Kf6
59. Rc6+ Ke7 60. Ke4 Rc1 61. f4 c3 62. d5 c2 63. Kf5 Rd1 64. Rc7+ Kf8 65. Rxc2
Rxd5+ 66. Ke6 Rd8 67. f5 Ra8 68. Rc6 Kg7 69. Ke5 Ra5+ 70. Kf4 Ra1 71. Rg6+ Kf7
72. Rg2 Ra4+ 73. Kg5 Ra6 74. Rb2 Kf8 75. Rb7 Rc6 76. f6 Rc1 1/2-1/2

[Event "Europa ch s-18"]
[Site "Herceg Novi MNT"]
[Date "2008.09.15"]
[Round "1.4"]
[White "Pavlidis, Anastasios"]
[Black "Can, Emre"]
[Result "1/2-1/2"]
[WhiteElo "2270"]
[BlackElo "2460"]
[PlyCount "119"]
[EventDate "2008.09.15"]
[EventType "swiss"]
[EventRounds "9"]
[Source "lmi"]
[SourceDate "2008.09.15"]

1. d4 e6 2. c4 f5 3. g3 Nf6 4. Bg2 c6 5. Nf3 d5 6. O-O Bd6 7. b3 Qe7 8. Bb2 O-O
9. Ne5 b6 10. Nd2 Bb7 11. Rc1 Nbd7 12. Ndf3 Rac8 13. Rc2 c5 14. Nxd7 Nxd7 15.
cxd5 Bxd5 16. dxc5 Nxc5 17. Qc1 Be4 18. Rc4 b5 19. Rc3 Qb7 20. Rd1 Be7 21. Qa1
Rfd8 22. Rcc1 Bf8 23. Ne1 a5 24. Be5 a4 25. b4 Bxg2 26. Nxg2 Nd7 27. Nf4 Kf7
28. Rxc8 Rxc8 29. Bd6 Qe4 30. a3 Rc2 31. Bxf8 Nxf8 32. Rc1 Nd7 33. Rxc2 Qxc2
34. Qd4 Qb1+ 35. Kg2 Qe4+ 36. Qxe4 fxe4 37. f3 exf3+ 38. Kxf3 Ne5+ 39. Ke4 Nc4
40. Nd3 Ke7 41. Kd4 Kd6 42. e4 Nxa3 43. e5+ Kc6 44. Nc5 Nc2+ 45. Kc3 Ne3 46.
Nxe6 Nd5+ 47. Kb2 Nxb4 48. Nd4+ Kd5 49. e6 Nc6 50. Nxb5 Kxe6 51. Nc3 Kf5 52.
Nxa4 Kg4 53. Nc5 Nd8 54. Ne4 Ne6 55. Kc3 Kh3 56. Kc4 Nf8 57. Kd5 Kxh2 58. Kd6
Ng6 59. Ke6 Kg2 60. Kf7 1/2-1/2

[Event "Europa ch s-18"]
[Site "Herceg Novi MNT"]
[Date "2008.09.15"]
[Round "1.6"]
[White "Hrabusa, Matej"]
[Black "Swiercz, Dariusz"]
[Result "0-1"]
[WhiteElo "2246"]
[BlackElo "2456"]
[PlyCount "180"]
[EventDate "2008.09.15"]
[EventType "swiss"]
[EventRounds "9"]
[Source "lmi"]
[SourceDate "2008.09.15"]

1. e4 c5 2. Nf3 d6 3. d4 cxd4 4. Nxd4 Nf6 5. Nc3 a6 6. Be3 e5 7. Nb3 Be7 8. f3
Be6 9. Qd2 O-O 10. O-O-O a5 11. Bb5 Nbd7 12. Qf2 Rc8 13. Kb1 Rxc3 14. bxc3 Qc7
15. g4 Ra8 16. g5 Nh5 17. a4 Qxc3 18. Rd3 Qc7 19. c4 Nf4 20. Rc3 Bxg5 21. Qd2
Be7 22. Rhc1 b6 23. Rd1 Nc5 24. Nxc5 dxc5 25. Bxf4 exf4 26. Rd3 h6 27. Ka2 Rb8
28. Qc2 Bf6 29. Bd7 Bd4 30. Bxe6 fxe6 31. Rb3 Qc6 32. Rb5 Rb7 33. Qg2 Kh7 34.
Qg4 Rd7 35. Qg2 Be5 36. Qc2 Rd6 37. Rbb1 g6 38. Rxd6 Qxd6 39. Rd1 Bd4 40. Qb3
Qd8 41. Ka3 h5 42. Rb1 Be3 43. Rd1 Bd4 44. Rb1 Be5 45. Rd1 Qh4 46. Qc2 Bd4 47.
Rb1 Qh3 48. Qe2 g5 49. e5 g4 50. Qe4+ Kg7 51. Qb7+ Kg6 52. Qe4+ Kg5 53. Qh7
Qxf3+ 54. Rb3 Qc6 55. h4+ gxh3 56. Rxh3 Qe8 57. Qg7+ Qg6 58. Qe7+ Kf5 59. Qf8+
Kg5 60. Rb3 Bxe5 61. Qd8+ Kh6 62. Rxb6 Bd4 63. Qf8+ Kg5 64. Qe7+ Kg4 65. Rb3 f3
66. Qb7 Qf5 67. Qb8 e5 68. Qg8+ Kf4 69. Qg7 e4 70. Qc7+ Be5 71. Qxa5 e3 72. Qe1
Bd4 73. Qh4+ Qg4 74. Qh2+ Ke4 75. Qc2+ Ke5 76. Qh2+ Kf5 77. Qc2+ Qe4 78. Qh2 h4
79. Qc7 Qe5 80. Qd7+ Kf4 81. Qh3 Qg5 82. Rb8 e2 83. Rf8+ Bf6 84. Qe6 Kg3 85.
Rg8 Qxg8 86. Qxg8+ Kf2 87. Qg6 Bd4 88. Qc2 h3 89. a5 h2 90. Qh7 Be5 0-1

[Event "Europa ch s-18"]
[Site "Herceg Novi MNT"]
[Date "2008.09.15"]
[Round "1.7"]
[White "Piorun, Kacper"]
[Black "Posedaru, Bogdan"]
[Result "1-0"]
[WhiteElo "2445"]
[BlackElo "2244"]
[PlyCount "97"]
[EventDate "2008.09.15"]
[EventType "swiss"]
[EventRounds "9"]
[Source "lmi"]
[SourceDate "2008.09.15"]

1. e4 e5 2. Nf3 Nf6 3. Nxe5 d6 4. Nf3 Nxe4 5. c4 Be7 6. Nc3 Nxc3 7. dxc3 Nc6 8.
Bf4 O-O 9. Bd3 Bf6 10. Qc2 Re8+ 11. Be3 g6 12. O-O-O Bg4 13. h3 Bxf3 14. gxf3
Ne5 15. Be2 Nd7 16. f4 Qe7 17. Bf3 c6 18. Qd3 Nb6 19. h4 d5 20. cxd5 Nxd5 21.
Bxd5 cxd5 22. h5 Rac8 23. hxg6 hxg6 24. f5 Qb4 25. Bd2 Qe4 26. Qh3 Qxf5 27.
Qxf5 gxf5 28. Bh6 Re4 29. f4 Bd4 30. Kb1 Be3 31. Rh2 f6 32. Rxd5 Bxf4 33. Rg2+
Kf7 34. Bxf4 Rxf4 35. Rd7+ Ke6 36. Rxb7 Rf1+ 37. Kc2 f4 38. Rxa7 f3 39. Rd2 f2
40. Kb3 Rc5 41. Rh7 Rd5 42. Rc2 Rf5 43. Rh2 Rf3 44. Re2+ Kd5 45. Kb4 Kc6 46. c4
Kb6 47. Re6+ Kc7 48. Rh7+ Kd8 49. Ra6 1-0

[Event "Europa ch s-18"]
[Site "Herceg Novi MNT"]
[Date "2008.09.15"]
[Round "1.11"]
[White "Nabaty, Tamir"]
[Black "Gluszko, Tomasz"]
[Result "1/2-1/2"]
[WhiteElo "2431"]
[BlackElo "2225"]
[PlyCount "58"]
[EventDate "2008.09.15"]
[EventType "swiss"]
[EventRounds "9"]
[Source "lmi"]
[SourceDate "2008.09.15"]

1. e4 c5 2. Nf3 Nc6 3. d4 cxd4 4. Nxd4 Nf6 5. Nc3 e6 6. Ndb5 Bb4 7. a3 Bxc3+ 8.
Nxc3 d5 9. exd5 exd5 10. Bd3 d4 11. Qe2+ Be6 12. Ne4 Nxe4 13. Qxe4 Qd5 14. Bf4
O-O-O 15. Qxd5 Rxd5 16. Be4 Rd7 17. O-O-O f5 18. Bd3 Rf7 19. Rhe1 Bd5 20. f3
Rd8 21. b4 a6 22. h4 b5 23. h5 Bc4 24. Bg5 Rd5 25. Re8+ Kd7 26. Ra8 Bxd3 27.
Rxd3 f4 28. Bh4 Kc7 29. Bf2 Rff5 1/2-1/2

[Event "Europa ch s-18"]
[Site "Herceg Novi MNT"]
[Date "2008.09.15"]
[Round "1.12"]
[White "Sarenac, David"]
[Black "Chirila, Ioan Cristian"]
[Result "0-1"]
[WhiteElo "2222"]
[BlackElo "2425"]
[PlyCount "78"]
[EventDate "2008.09.15"]
[EventType "swiss"]
[EventRounds "9"]
[Source "lmi"]
[SourceDate "2008.09.15"]

1. e4 c5 2. Nc3 Nc6 3. g3 g6 4. Bg2 Bg7 5. f4 d6 6. d3 e6 7. Nf3 Nge7 8. O-O
O-O 9. Be3 b6 10. Bf2 e5 11. Qd2 Rb8 12. Rae1 Nd4 13. Nh4 Be6 14. Nd5 Bxd5 15.
exd5 exf4 16. gxf4 Nef5 17. Nxf5 Nxf5 18. c3 Qf6 19. Re4 h5 20. Rfe1 Bh6 21.
Qe2 Ng7 22. Qf3 Rfe8 23. Bg3 Rxe4 24. Rxe4 Nf5 25. Bh3 b5 26. Qe2 Kf8 27. Qe1
a5 28. b4 axb4 29. cxb4 Rc8 30. Bf2 cxb4 31. Qxb4 Rc1+ 32. Kg2 Rc2 33. Qxb5
Bxf4 34. Qe8+ Kg7 35. Re2 Qg5+ 36. Kf1 Rc1+ 37. Re1 Ne3+ 38. Bxe3 Bxe3 39. Bg2
Qf4+ 0-1

[Event "Europa ch s-18"]
[Site "Herceg Novi MNT"]
[Date "2008.09.15"]
[Round "1.14"]
[White "Kvisla, Johannes Luangtep"]
[Black "Vila Gazquez, Xavier"]
[Result "0-1"]
[WhiteElo "2180"]
[BlackElo "2419"]
[PlyCount "38"]
[EventDate "2008.09.15"]
[EventType "swiss"]
[EventRounds "9"]
[Source "lmi"]
[SourceDate "2008.09.15"]

1. d4 d5 2. Nf3 Nf6 3. c4 dxc4 4. g3 c5 5. Bg2 Nc6 6. Qa4 cxd4 7. Qxc4 Qd5 8.
Qa4 e5 9. O-O e4 10. Nfd2 Bc5 11. e3 Bd7 12. exd4 Nxd4 13. Qd1 Bg4 14. Nxe4
Qxe4 15. Bxe4 Bxd1 16. Bxb7 Rb8 17. b4 Rxb7 18. bxc5 Bf3 19. c6 Ne2# 0-1

[Event "Europa ch s-18"]
[Site "Herceg Novi MNT"]
[Date "2008.09.15"]
[Round "1.16"]
[White "Botta, Gabriele"]
[Black "Pereira, Ruben"]
[Result "0-1"]
[WhiteElo "2158"]
[BlackElo "2418"]
[PlyCount "58"]
[EventDate "2008.09.15"]
[EventType "swiss"]
[EventRounds "9"]
[Source "lmi"]
[SourceDate "2008.09.15"]

1. e4 c5 2. Nf3 d6 3. d4 cxd4 4. Nxd4 Nf6 5. Nc3 a6 6. Bg5 e6 7. f4 Qc7 8. Bxf6
gxf6 9. f5 Qc5 10. Be2 Nc6 11. Nxc6 bxc6 12. Qd3 Bh6 13. Rf1 Ke7 14. Rd1 Qe5
15. g3 a5 16. Na4 Rb8 17. c4 c5 18. b3 Bd7 19. Nc3 a4 20. Qc2 axb3 21. axb3 Bc6
22. Rf3 Rb7 23. Rf1 Ra7 24. Bd3 Rha8 25. fxe6 fxe6 26. Nd5+ exd5 27. Rf5 Ra2
28. Rxe5+ fxe5 29. Qc3 d4 0-1

[Event "Europa ch s-18"]
[Site "Herceg Novi MNT"]
[Date "2008.09.15"]
[Round "1.17"]
[White "Recuero Guerra, David"]
[Black "Plaskan, Jure"]
[Result "1-0"]
[WhiteElo "2417"]
[BlackElo "2149"]
[PlyCount "77"]
[EventDate "2008.09.15"]
[EventType "swiss"]
[EventRounds "9"]
[Source "lmi"]
[SourceDate "2008.09.15"]

1. e4 c5 2. Nf3 d6 3. d4 cxd4 4. Nxd4 Nf6 5. f3 a6 6. c4 Nc6 7. Nc3 g6 8. Nc2
Bg7 9. Be3 Rb8 10. Qd2 Be6 11. Be2 O-O 12. O-O Nd7 13. Rab1 Qc8 14. Nd5 Bxd5
15. cxd5 Nd8 16. Nd4 Nf6 17. Rbc1 Qd7 18. Rfd1 Ne8 19. Bc4 Rc8 20. b4 b5 21.
Bb3 Rxc1 22. Rxc1 e5 23. Ne2 f5 24. exf5 gxf5 25. Qc2 Bf6 26. Qc8 Qxc8 27. Rxc8
Nf7 28. Rc6 f4 29. Bf2 Ng7 30. Rxa6 Rb8 31. Nc3 Nf5 32. Ne4 Be7 33. Kf1 Kf8 34.
Ke2 Ke8 35. Rb6 Rxb6 36. Bxb6 Bd8 37. Bf2 Kd7 38. Nc3 Bf6 39. Nxb5 1-0

[Event "Europa ch s-18"]
[Site "Herceg Novi MNT"]
[Date "2008.09.15"]
[Round "1.20"]
[White "Dzalbo, Andrejs"]
[Black "Volodin, Aleksandr"]
[Result "0-1"]
[WhiteElo "2102"]
[BlackElo "2397"]
[PlyCount "64"]
[EventDate "2008.09.15"]
[EventType "swiss"]
[EventRounds "9"]
[Source "lmi"]
[SourceDate "2008.09.15"]

1. d4 Nf6 2. Nf3 c5 3. c3 e6 4. e3 b6 5. Nbd2 Bb7 6. Bd3 Be7 7. Qe2 Nc6 8. a3
d5 9. b4 a6 10. Bb2 O-O 11. O-O Qc7 12. Rac1 Rfe8 13. dxc5 bxc5 14. e4 c4 15.
Bb1 g6 16. Ne1 Bd6 17. g3 Bf8 18. f4 e5 19. f5 Qb6+ 20. Qf2 Qxf2+ 21. Rxf2 Bh6
22. exd5 Nxd5 23. Ng2 Ne3 24. Re1 Nxg2 25. Rxg2 Nxb4 26. Rge2 Nd3 27. Nxc4 Nxe1
28. Rxe1 Rad8 29. fxg6 hxg6 30. Be4 Bxe4 31. Rxe4 f5 32. Re2 f4 0-1

[Event "Europa ch s-18"]
[Site "Herceg Novi MNT"]
[Date "2008.09.15"]
[Round "1.23"]
[White "Rasulov, Vugar"]
[Black "Dobrev, Nayden"]
[Result "0-1"]
[WhiteElo "2392"]
[BlackElo "2081"]
[PlyCount "70"]
[EventDate "2008.09.15"]
[EventType "swiss"]
[EventRounds "9"]
[Source "lmi"]
[SourceDate "2008.09.15"]

1. e4 c5 2. Nf3 e6 3. c3 d5 4. e5 Nc6 5. d4 Qb6 6. Be2 Bd7 7. O-O cxd4 8. cxd4
Nge7 9. Na3 Nf5 10. Nc2 Be7 11. b3 O-O 12. Bd3 f6 13. Kh1 fxe5 14. Nxe5 Nxe5
15. dxe5 Bb5 16. g4 Bxd3 17. Qxd3 Nh4 18. f4 d4 19. Rf2 g5 20. Kg1 Rac8 21. Bd2
Rxc2 22. Qxc2 d3 23. Qxd3 Bc5 24. Raf1 Rd8 25. Qc3 Rxd2 26. Qxd2 Nf3+ 27. Kg2
Nxd2 28. Rxd2 gxf4 29. Kh3 Qa5 30. Rd3 Be3 31. Rfd1 Qxe5 32. Rd8+ Kg7 33. R1d7+
Kh6 34. Rg8 Qe4 35. Kh4 Bf2+ 0-1

[Event "Europa ch s-18"]
[Site "Herceg Novi MNT"]
[Date "2008.09.15"]
[Round "1.25"]
[White "Tereick, Benjamin"]
[Black "Nitelea, Barbu Alexandru"]
[Result "1-0"]
[WhiteElo "2382"]
[BlackElo "2066"]
[PlyCount "91"]
[EventDate "2008.09.15"]
[EventType "swiss"]
[EventRounds "9"]
[Source "lmi"]
[SourceDate "2008.09.15"]

1. Nf3 c5 2. c4 Nf6 3. g3 b6 4. Bg2 Bb7 5. O-O e6 6. Nc3 a6 7. b3 Be7 8. Bb2
O-O 9. e3 Qc7 10. d4 cxd4 11. Nxd4 Bxg2 12. Kxg2 Qb7+ 13. Qf3 Qxf3+ 14. Nxf3
Nc6 15. e4 d6 16. Rfd1 Rab8 17. Ba3 Rfd8 18. e5 Ne8 19. Rac1 Kf8 20. exd6 Bxd6
21. Rxd6 Rxd6 22. Ne4 Ke7 23. Rd1 Rbd8 24. Nxd6 Nxd6 25. Ng5 Na5 26. Rxd6 Rxd6
27. Nxf7 Kxf7 28. Bxd6 b5 29. Bc7 Nc6 30. cxb5 axb5 31. a4 bxa4 32. bxa4 Ke7
33. a5 Kd7 34. Bb6 Nb4 35. Kf3 Kd6 36. Ke4 Na6 37. Bd4 g6 38. Kf4 Ke7 39. Kg5
Kf7 40. Kh6 Kg8 41. Be5 Nc5 42. Bd6 Na6 43. Kg5 Kf7 44. Kf4 Ke8 45. Ke5 Kd7 46.
f4 1-0

[Event "Europa ch s-18"]
[Site "Herceg Novi MNT"]
[Date "2008.09.15"]
[Round "1.26"]
[White "Vajic, Goran"]
[Black "Lichmann, Peter"]
[Result "1-0"]
[WhiteElo "2061"]
[BlackElo "2375"]
[PlyCount "55"]
[EventDate "2008.09.15"]
[EventType "swiss"]
[EventRounds "9"]
[Source "lmi"]
[SourceDate "2008.09.15"]

1. e4 c5 2. Nf3 e6 3. d4 cxd4 4. Nxd4 a6 5. Be3 Qc7 6. Be2 Nf6 7. Nd2 Nc6 8.
O-O Bd6 9. g3 O-O 10. Nc4 Be7 11. Nxc6 Qxc6 12. Nb6 Rb8 13. e5 Ne8 14. Bf3 Qc7
15. a4 a5 16. Qd2 Bb4 17. c3 Bc5 18. Bxc5 Qxc5 19. Qd4 d6 20. Qxc5 dxc5 21.
Rfd1 Nc7 22. Rd6 Re8 23. Be2 Kf8 24. Bb5 Na8 25. Nxa8 Rxa8 26. Bxe8 Kxe8 27.
Rad1 Ke7 28. Rd8 1-0

[Event "Europa ch s-18"]
[Site "Herceg Novi MNT"]
[Date "2008.09.15"]
[Round "1.28"]
[White "Homatidis, Panagiotis"]
[Black "Narmontas, Matas"]
[Result "0-1"]
[WhiteElo "2037"]
[BlackElo "2369"]
[PlyCount "68"]
[EventDate "2008.09.15"]
[EventType "swiss"]
[EventRounds "9"]
[Source "lmi"]
[SourceDate "2008.09.15"]

1. e4 c5 2. Nf3 e6 3. d4 cxd4 4. Nxd4 Qb6 5. c3 Nc6 6. Nxc6 bxc6 7. Bd3 e5 8.
Qe2 Nf6 9. Be3 Qc7 10. O-O Be7 11. f4 d6 12. fxe5 dxe5 13. Nd2 Ng4 14. Nf3 O-O
15. h3 Nxe3 16. Qxe3 Be6 17. Ng5 Bxg5 18. Qxg5 Qb6+ 19. Rf2 Rad8 20. Qg3 Rd7
21. Bf1 Rd2 22. b3 f5 23. Qf3 Rf6 24. Rd1 fxe4 25. Qxf6 gxf6 26. Rdxd2 e3 27.
Rde2 exf2+ 28. Rxf2 Qe3 29. g4 Bd5 30. Bg2 Qe1+ 31. Bf1 e4 32. c4 e3 33. Re2
Qg3+ 34. Bg2 Bf3 0-1

[Event "Europa ch s-18"]
[Site "Herceg Novi MNT"]
[Date "2008.09.15"]
[Round "1.29"]
[White "Hayrapetian, Ovik"]
[Black "Omarsson, Dadi"]
[Result "1-0"]
[WhiteElo "2367"]
[BlackElo "2029"]
[PlyCount "50"]
[EventDate "2008.09.15"]
[EventType "swiss"]
[EventRounds "9"]
[Source "lmi"]
[SourceDate "2008.09.15"]

1. d4 Nf6 2. c4 g6 3. Nc3 Bg7 4. Nf3 O-O 5. Bg5 d6 6. e3 Nbd7 7. Be2 e5 8. Qc2
c6 9. O-O Qe7 10. Rfd1 Re8 11. h3 Nf8 12. c5 exd4 13. cxd6 Qxd6 14. Nxd4 Qe7
15. Bf4 a6 16. Bf3 c5 17. Nde2 Bf5 18. Qb3 b5 19. Bd6 Qa7 20. Bxa8 Rxa8 21. a4
b4 22. Nd5 Ne6 23. Nef4 Nxd5 24. Nxd5 Rd8 25. Bf8 Rxf8 1-0

[Event "Europa ch s-18"]
[Site "Herceg Novi MNT"]
[Date "2008.09.15"]
[Round "1.34"]
[White "Vukcevic, Nemanja"]
[Black "Anton, Teodor"]
[Result "0-1"]
[WhiteElo "1884"]
[BlackElo "2353"]
[PlyCount "110"]
[EventDate "2008.09.15"]
[EventType "swiss"]
[EventRounds "9"]
[Source "lmi"]
[SourceDate "2008.09.15"]

1. e4 e5 2. Nf3 Nc6 3. Bb5 a6 4. Ba4 Nf6 5. O-O b5 6. Bb3 Bc5 7. d3 d6 8. c3 h6
9. h3 O-O 10. Be3 Qe7 11. Nbd2 Bd7 12. Qe2 Nh5 13. Kh2 Bb6 14. Bd5 Rab8 15. d4
exd4 16. Nxd4 Nxd4 17. Qxh5 Ne6 18. Bxb6 Rxb6 19. f4 Nc5 20. b4 Na4 21. Rf3 Bc6
22. Bb3 Bxe4 23. Re3 Qf6 24. Rxe4 Nxc3 25. Rf1 Nxe4 26. Nxe4 Qd4 27. Ng3 c5 28.
Nf5 Qf6 29. Bd5 Kh8 30. Rf3 Qg6 31. Qxg6 fxg6 32. Ne7 Re8 33. Nxg6+ Kh7 34. Bf7
Ra8 35. f5 cxb4 36. Re3 a5 37. Bd5 Rd8 38. Re7 a4 39. Nf4 Rf8 40. Ne6 Rf6 41.
Nxg7 Kh8 42. Re8+ Kxg7 43. Rg8+ Kh7 44. Re8 Ra6 45. Re7+ Kh8 46. Re8+ Kg7 47.
Rg8+ Kh7 48. Rb8 Ra5 49. Rb7+ Kh8 50. Rb8+ Kg7 51. Rg8+ Kh7 52. Rc8 Ra7 53. Rb8
Kg7 54. Be6 b3 55. axb3 a3 0-1

[Event "Europa ch s-18"]
[Site "Herceg Novi MNT"]
[Date "2008.09.15"]
[Round "1.36"]
[White "Ivanovic, Lazar"]
[Black "Blomqvist, Erik"]
[Result "1/2-1/2"]
[WhiteElo "1718"]
[BlackElo "2322"]
[PlyCount "96"]
[EventDate "2008.09.15"]
[EventType "swiss"]
[EventRounds "9"]
[Source "lmi"]
[SourceDate "2008.09.15"]

1. d4 d5 2. c4 c6 3. Nc3 Nf6 4. Nf3 e6 5. Bg5 h6 6. Bh4 dxc4 7. a4 Bb4 8. Qc2
b5 9. Bxf6 Qxf6 10. axb5 Bb7 11. bxc6 Nxc6 12. e3 O-O 13. Bxc4 e5 14. dxe5 Nxe5
15. Nxe5 Qxe5 16. O-O Rac8 17. Ne2 Be4 18. Bxf7+ Kh8 19. Qb3 Rb8 20. Qe6 Qxe6
21. Bxe6 Rf6 22. Bc4 Bc5 23. b3 Bb7 24. Nc3 Rf5 25. Nb5 Ra8 26. Ra2 a5 27. Rfa1
Bb4 28. Nd4 Rf6 29. Rf1 Re8 30. Re2 Rc8 31. Ra2 Rd8 32. Rc2 Be4 33. Ra2 Bb7 34.
Ne6 Rd7 35. Nd4 Re7 36. Rc1 Rf8 37. Ne6 Rc8 38. Rd1 Be4 39. Nf4 Ra7 40. Nd5 Bc5
41. Nc3 Bc6 42. Rad2 Be7 43. Bd5 Be8 44. Na4 Rac7 45. Nb6 Rb8 46. Nc4 Bb4 47.
Rd3 Bb5 48. e4 a4 1/2-1/2

[Event "Europa ch s-18"]
[Site "Herceg Novi MNT"]
[Date "2008.09.16"]
[Round "2.1"]
[White "Narmontas, Matas"]
[Black "Salgado Lopez, Ivan"]
[Result "0-1"]
[WhiteElo "2369"]
[BlackElo "2532"]
[PlyCount "98"]
[EventDate "2008.09.15"]
[EventType "swiss"]
[EventRounds "9"]
[Source "lmi"]
[SourceDate "2008.09.15"]

1. e4 c5 2. Nf3 d6 3. d4 cxd4 4. Nxd4 Nf6 5. Nc3 a6 6. Bg5 e6 7. f4 Be7 8. Qf3
Qc7 9. O-O-O Nbd7 10. g4 h6 11. Bxf6 Bxf6 12. h4 Qb6 13. Nde2 Be7 14. g5 hxg5
15. hxg5 Rxh1 16. Qxh1 Qe3+ 17. Kb1 Nf8 18. Bg2 Bd7 19. Bf3 Qc5 20. Qh8 g6 21.
Qg7 Rc8 22. e5 dxe5 23. fxe5 Qf2 24. Be4 Rc4 25. Bd3 Rh4 26. Nc1 Rh7 27. Qg8
Qg3 28. Rf1 Qxg5 29. Be4 b5 30. Nd3 b4 31. Ne2 Qe3 32. Bf3 Bb5 33. Nef4 g5 34.
Ng2 Qd4 35. Bh5 Kd8 36. Bxf7 Bxd3 37. Rd1 Rh2 38. Bg6 Rh1 39. Rxh1 Bxg6 40. Rf1
Qd2 41. Rxf8+ Bxf8 42. Qxf8+ Kd7 43. Qd6+ Qxd6 44. exd6 Kxd6 45. Kc1 Be4 46.
Ne3 Ke5 47. Kd2 Kf4 48. Ke2 g4 49. Nc4 Bxc2 0-1

[Event "Europa ch s-18"]
[Site "Herceg Novi MNT"]
[Date "2008.09.16"]
[Round "2.2"]
[White "Pacher, Milan"]
[Black "Stupak, Kirill"]
[Result "0-1"]
[WhiteElo "2361"]
[BlackElo "2458"]
[PlyCount "112"]
[EventDate "2008.09.15"]
[EventType "swiss"]
[EventRounds "9"]
[Source "lmi"]
[SourceDate "2008.09.15"]

1. d4 Nf6 2. c4 e6 3. Nc3 d5 4. cxd5 exd5 5. Bg5 Be7 6. e3 Nbd7 7. Bd3 O-O 8.
Nge2 b6 9. O-O Bb7 10. Rc1 h6 11. Bh4 c5 12. Bb1 c4 13. f3 a6 14. a4 Bc6 15.
Bxf6 Nxf6 16. e4 dxe4 17. fxe4 b5 18. e5 Ng4 19. Qc2 g6 20. Rxf7 Rxf7 21. Qxg6+
Rg7 22. Qxc6 Bg5 23. Rf1 Qe8 24. Be4 Qxc6 25. Bxc6 Rd8 26. Ne4 Be3+ 27. Kh1
Bxd4 28. Nf6+ Nxf6 29. exf6 Rf7 30. Nxd4 Rxd4 31. h3 b4 32. Be8 Rc7 33. f7+ Kf8
34. Rf6 c3 35. bxc3 bxc3 36. Rxh6 Rxf7 37. Bxf7 c2 38. Rc6 Rd1+ 39. Kh2 c1=Q
40. Rxc1 Rxc1 41. Bd5 Rc5 42. Bb7 Ra5 43. Bc6 Ke7 44. g4 Kd6 45. Be8 Re5 46.
Bf7 Re4 47. Kg3 Rxa4 48. h4 Ke5 49. h5 Kf6 50. Be8 Re4 51. Bg6 Rb4 52. Kf3 a5
53. Ke3 a4 54. g5+ Kxg5 55. Kd3 a3 56. Bf7 Rb2 0-1

[Event "Europa ch s-18"]
[Site "Herceg Novi MNT"]
[Date "2008.09.16"]
[Round "2.4"]
[White "Burg, Twan"]
[Black "Piorun, Kacper"]
[Result "1-0"]
[WhiteElo "2359"]
[BlackElo "2445"]
[PlyCount "65"]
[EventDate "2008.09.15"]
[EventType "swiss"]
[EventRounds "9"]
[Source "lmi"]
[SourceDate "2008.09.15"]

1. e4 c6 2. d4 d5 3. e5 Bf5 4. Nf3 e6 5. Be2 Nd7 6. O-O Bg6 7. Nbd2 Nh6 8. a4
Be7 9. a5 O-O 10. c4 f6 11. a6 b6 12. Nb3 Rc8 13. Bxh6 gxh6 14. cxd5 cxd5 15.
Rc1 Bb4 16. Bb5 fxe5 17. Bxd7 Qxd7 18. Nxe5 Qg7 19. Qg4 Rxc1 20. Rxc1 Qf6 21.
Qe2 Be8 22. Rc7 Ba4 23. Nc1 Bd1 24. Qf1 Bd6 25. Rxa7 Qf4 26. Ncd3 Qxd4 27. Qxd1
Bxe5 28. Qe2 Bg7 29. Qxe6+ Kh8 30. Qe3 Qa4 31. h3 Qd1+ 32. Kh2 Rg8 33. Ne5 1-0

[Event "Europa ch s-18"]
[Site "Herceg Novi MNT"]
[Date "2008.09.16"]
[Round "2.5"]
[White "Rozum, Ivan"]
[Black "Hayrapetian, Ovik"]
[Result "1/2-1/2"]
[WhiteElo "2444"]
[BlackElo "2367"]
[PlyCount "139"]
[EventDate "2008.09.15"]
[EventType "swiss"]
[EventRounds "9"]
[Source "lmi"]
[SourceDate "2008.09.15"]

1. d4 Nf6 2. c4 e6 3. g3 d5 4. Nf3 c5 5. cxd5 Nxd5 6. Bg2 Nc6 7. O-O Nf6 8.
dxc5 Qxd1 9. Rxd1 Bxc5 10. Nc3 Bd7 11. a3 a5 12. Bf4 O-O 13. Rac1 Rfd8 14. Na4
Ba7 15. Nc5 Bxc5 16. Rxc5 Be8 17. Rcc1 Rxd1+ 18. Rxd1 Nd5 19. Bd2 Rd8 20. Rc1
a4 21. Kf1 e5 22. Ne1 f6 23. Nd3 Nd4 24. Ba5 Rd6 25. Rc8 Kf7 26. Bc7 Rd7 27.
Nc5 Ne7 28. Nxd7 Nxc8 29. Nb8 Nc6 30. Bh3 N8a7 31. Nd7 Bxd7 32. Bxd7 Ke7 33.
Bh3 Nb5 34. Bb6 Nd6 35. Bc5 g6 36. Ke1 f5 37. g4 f4 38. g5 Nd4 39. Bg2 b6 40.
Bxb6 Nc4 41. Bxd4 exd4 42. Bd5 Nxb2 43. Kd2 Kd6 44. Bg8 Kc5 45. Bxh7 Nc4+ 46.
Kc1 Ne5 47. h4 Kc4 48. f3 Kb3 49. Bg8+ Kxa3 50. Bd5 Kb4 51. Kc2 a3 52. Kb1 Kc3
53. Bb7 d3 54. exd3 Kxd3 55. Ka2 Ke3 56. Kxa3 Kf2 57. Kb4 Kg3 58. Kc3 Kxh4 59.
Kd4 Nf7 60. Bd5 Nxg5 61. Ke5 Nh3 62. Kf6 g5 63. Kg6 Ng1 64. Bc6 Nxf3 65. Bxf3
g4 66. Bd1 f3 67. Kf5 Kg3 68. Kg5 f2 69. Be2 Kh3 70. Bxg4+ 1/2-1/2